[Event "BCF-chT3 0809 (4NCL)"]
[Site "Hinckley Island"]
[Date "2009.05.03"]
[Round "10.6"]
[White "Pitt, Christopher"]
[Black "Coates, Christine"]
[Result "0-1"]
[WhiteElo "1780"]
[BlackElo "1490"]
[PlyCount "86"]
[EventDate "2008.10.18"]
[EventType "team-swiss"]
[EventRounds "11"]
[EventCountry "ENG"]
[SourceTitle "EXT 2010"]
[Source "ChessBase"]
[SourceDate "2010.11.25"]
[SourceVersion "1"]
[SourceVersionDate "2010.11.25"]
[SourceQuality "1"]
[WhiteTeam "Halesowen"]
[BlackTeam "AMCA Hippos"]
[WhiteTeamCountry "ENG"]
[BlackTeamCountry "ENG"]

1. e4 d5 2. exd5 Qxd5 3. Nc3 Qd6 4. d4 Nf6 5. Nf3 c6 6. Be2 Bf5 7. Ne5 e6 8. Bf4 Qd8 9. 0-0 Nbd7 10. Nc4 Nb6 11. Ne5 Nbd5 12. Bg3 Be7 13. Bd3 Bxd3 14. Qxd3 0-0 15. a3 Qe8 16. f4 Rd8 17. Ne4 Nxe4 18. Qxe4 f5 19. Qe2 Nf6 20. Bf2 Ne4 21. Rfe1 Bf6 22. Nf3 Rf7 23. Rad1 Rfd7 24. c3 a6 25. Bh4 Bxh4 26. Nxh4 c5 27. dxc5 Nxc5 28. Rxd7 Qxd7 29. Nxf5 exf5 30. Qc4+ Qd5 31. Qxd5+ Rxd5 32. Re8+ Kf7 33. Rc8 Ne6 34. c4 Rd7 35. c5 Rc7 36. Rxc7+ Nxc7 37. Kf2 Ke6 38. Ke3 Kd5 39. b4 Nb5 40. a4 Nc3 41. b5 axb5 42. axb5 Kxc5 43. b6 Nd5+ 0-1

[Event "BCF-chT3 0607 (4NCL)"]
[Site "Sunningdale"]
[Date "2006.09.16"]
[Round "1.8"]
[White "Summerscale, Claire"]
[Black "Coates, Christine"]
[Result "1-0"]
[WhiteElo "2027"]
[BlackElo "1525"]
[PlyCount "75"]
[EventDate "2006.09.16"]
[EventType "team-tourn"]
[EventRounds "11"]
[EventCountry "ENG"]
[SourceTitle "CBM 115 Extra"]
[Source "ChessBase"]
[SourceDate "2007.01.10"]
[SourceVersion "1"]
[SourceVersionDate "2007.01.10"]
[SourceQuality "1"]
[WhiteTeam "Pride and Prejudice "]
[BlackTeam "NW Eagles II"]
[WhiteTeamCountry "ENG"]
[BlackTeamCountry "ENG"]

1. d4 d5 2. Nc3 Nf6 3. Bg5 e6 4. e4 Be7 5. e5 Ne4 6. Bxe7 Qxe7 7. Nxe4 dxe4 8. c3 0-0 9. Qg4 f5 10. exf6 Rxf6 11. Qxe4 Nc6 12. Bc4 Kh8 13. Nf3 Rh6 14. 0-0-0 Bd7 15. Rde1 Re8 16. h4 Qf6 17. g4 Rf8 18. g5 Qf4+ 19. Qxf4 Rxf4 20. gxh6 Rxf3 21. Bxe6 Bxe6 22. Rxe6 gxh6 23. d5 Na5 24. Rg1 Rf8 25. Re7 Nc4 26. Rxc7 Nd6 27. Rd7 Ne4 28. Rxb7 Nxf2 29. d6 Nd3+ 30. Kc2 Ne5 31. d7 Rd8 32. b4 Nxd7 33. Rd1 Kg7 34. Rdxd7+ Rxd7 35. Rxd7+ Kg6 36. Rd5 h5 37. c4 h6 38. c5 1-0

[Event "BCF-chT2 0304 (4NCL)"]
[Site "West Bromwich"]
[Date "2003.10.19"]
[Round "2.8"]
[White "Coates, Christine"]
[Black "Ashby, Ann Marie"]
[Result "0-1"]
[WhiteElo "976"]
[BlackElo "2082"]
[PlyCount "84"]
[EventDate "2003.11.17"]
[EventType "team-tourn"]
[EventRounds "11"]
[EventCountry "ENG"]
[SourceTitle "EXT 2005"]
[Source "ChessBase"]
[SourceDate "2004.11.15"]
[SourceVersion "1"]
[SourceVersionDate "2004.11.15"]
[SourceQuality "1"]
[WhiteTeam "Guildford II"]
[BlackTeam "Bristol"]
[WhiteTeamCountry "ENG"]
[BlackTeamCountry "ENG"]

1. d4 f5 2. Nf3 e6 3. Bf4 Nf6 4. e3 d6 5. Nbd2 Be7 6. h3 Nc6 7. c3 0-0 8. Bc4 Kh8 9. 0-0 Qe8 10. Qe2 Ne4 11. Rfe1 Bd8 12. Bb3 Nxd2 13. Qxd2 e5 14. Bg3 e4 15. Nh2 h5 16. f4 Qg6 17. Nf1 a5 18. Qe2 Bd7 19. Rad1 a4 20. Bc2 Be8 21. d5 Ne7 22. Rd4 Ng8 23. b3 Bf6 24. Rc4 Bb5 25. bxa4 Bxc4 26. Qxc4 Qf7 27. Rb1 b6 28. Be1 Ra5 29. Rb5 Rfa8 30. Rxa5 Rxa5 31. Qb3 Rxd5 32. c4 Rc5 33. Bb4 Qxc4 34. Bxc5 Qxc5 35. Kf2 d5 36. Kg3 Qa5 37. Kf2 c6 38. g3 Bc3 39. Kg2 Be1 40. h4 Nf6 41. Nh2 Qd2+ 42. Kh3 Qf2 0-1

[Event "BCF-chT3 0203 (4NCL)"]
[Site "West Bromwich"]
[Date "2003.04.12"]
[Round "7.7"]
[White "Sigurdsson, Johann Helgi"]
[Black "Coates, Christine"]
[Result "1-0"]
[WhiteElo "2032"]
[BlackElo "1072"]
[PlyCount "67"]
[EventDate "2002.11.??"]
[EventType "team-tourn"]
[EventRounds "11"]
[EventCountry "ENG"]
[SourceTitle "EXT 2004"]
[Source "ChessBase"]
[SourceDate "2003.11.25"]
[SourceVersion "1"]
[SourceVersionDate "2003.11.25"]
[SourceQuality "1"]
[WhiteTeam "Wessex II"]
[BlackTeam "Guildford III"]
[WhiteTeamCountry "ENG"]
[BlackTeamCountry "ENG"]

1. e4 e6 2. d3 b6 3. g3 Bb7 4. Bg2 Bc5 5. d4 Bb4+ 6. c3 Be7 7. Ne2 f5 8. Nd2 Nf6 9. Qc2 d5 10. exf5 exf5 11. Qxf5 Qd6 12. Nc4 Qd7 13. Qxd7+ Nbxd7 14. Nf4 0-0-0 15. Ne3 Nf8 16. Nf5 Bd6 17. Nxg7 Bxf4 18. Bxf4 Ng6 19. Bg5 Rd6 20. Bh3+ Kb8 21. f3 Bc8 22. Bxc8 Kxc8 23. Kf2 Ne8 24. Nf5 Re6 25. Rhe1 Rxe1 26. Rxe1 Nd6 27. Nxd6+ cxd6 28. h4 Kd7 29. h5 h6 30. Bf6 Rf8 31. Bg7 Re8 32. Rxe8 Kxe8 33. hxg6 h5 34. f4 1-0